Guess Capital by International Flights - Statistics

General Stats
  • This quiz has been taken 19 times
  • The average score is 61 of 84
Answer Stats
Destination Continent City % Correct
Amsterdam South America Paramaribo
87%
Bélem South America Paramaribo
87%
Georgetown South America Paramaribo
87%
Port of Spain South America Paramaribo
87%
Willemstad South America Paramaribo
87%
Panama City South America Paramaribo
87%
Santiago de Cuba South America Paramaribo
87%
Santo Domingo South America Paramaribo
87%
Hong Kong Oceania Port Moresby
87%
Manila Oceania Port Moresby
87%
Koror Oceania Port Moresby
87%
Singapore Oceania Port Moresby
87%
Cairns Oceania Port Moresby
87%
Denpasar/ Bali Oceania Port Moresby
87%
Brisbane Oceania Port Moresby
87%
Sydney Oceania Port Moresby
87%
Honiara Oceania Port Moresby
87%
Darwin Asia Dili
80%
Singapore Asia Dili
80%
Denpasar/ Bali Asia Dili
80%
Bogota South America La Paz
80%
Lima South America La Paz
80%
Cusco South America La Paz
80%
Moscow Asia Ashgabat
73%
Kazan Asia Ashgabat
73%
Urumqi Asia Ashgabat
73%
Beijing Asia Ashgabat
73%
New Delhi Asia Ashgabat
73%
Dubai Asia Ashgabat
73%
Istanbul Asia Ashgabat
73%
Frankfurt Asia Ashgabat
73%
London Asia Ashgabat
73%
Caracas Asia Damascus
73%
Erbil Asia Damascus
73%
Tehran Asia Damascus
73%
Baghdad Asia Damascus
73%
Al Najaf Asia Damascus
73%
Basra Asia Damascus
73%
Doha Asia Damascus
73%
Dubai Asia Damascus
73%
Abu Dhabi Asia Damascus
73%
Amman Asia Sana'a
73%
Mumbai Asia Sana'a
73%
Saint-Denis Africa Antananarivo
67%
Mauritius Africa Antananarivo
67%
Johannesburg Africa Antananarivo
67%
Nairobi Africa Antananarivo
67%
Addis Ababa Africa Antananarivo
67%
Paris Africa Antananarivo
67%
Hargeisa Africa Djibouti
67%
Mogadishu Africa Djibouti
67%
Aden Africa Djibouti
67%
Dubai Africa Djibouti
67%
Doha Africa Djibouti
67%
Dire Dawa Africa Djibouti
67%
Addis Ababa Africa Djibouti
67%
Istanbul Africa Djibouti
67%
Paris Africa Djibouti
67%
Lisbon Africa Maputo
67%
Doha Africa Maputo
67%
Addis Ababa Africa Maputo
67%
Luanda Africa Maputo
67%
Harare Africa Maputo
67%
Cape Town Africa Maputo
67%
Johannesburg Africa Maputo
67%
Johannesburg Africa Maseru
67%
Nice Europe Monaco
67%
Dakar Africa Nouakchott
67%
Banjul Africa Nouakchott
67%
Istanbul Africa Nouakchott
67%
Tunis Africa Nouakchott
67%
Algiers Africa Nouakchott
67%
Casablanca Africa Nouakchott
67%
Gran Canaria Africa Nouakchott
67%
Conakry Africa Nouakchott
67%
Bamako Africa Nouakchott
67%
Paris Africa Nouakchott
67%
Auckland Oceania Port Vila
60%
Honiara Oceania Port Vila
60%
Noumea Oceania Port Vila
60%
Brisbane Oceania Port Vila
60%
Sydney Oceania Port Vila
60%
Melbourne Oceania Port Vila
60%
Nadi Oceania Port Vila
60%
No matching quizzes found
Score Distribution
Percent of People with Each Score
Percentile by Number Answered
Your Score History
You have not taken this quiz